000 00747nam a2200289Ia 4500
005 20260324122540.0
008 008 260324s9999 xx 000 0 eng d
020 _a9781315550589
037 _aEBOOK
040 _aCRL
040 _beng
040 _cCRL
041 _2eng
041 _aeng
084 _qCRL
100 _aUlf Engel; João Gomes Porto
_91166877
245 0 _aTowards an African Peace and Security Regime
245 0 _bContinental Embeddedness, Transnational Linkages, Strategic Relevance
260 _bTaylor and Francis
260 _c2013
365 _a
365 _b230
856 _uhttp://www.taylorfrancis.com/books/9781315550589
942 _cEBOOK
999 _c1759713
_d1759713